| 000 | 00846nam a22002297a 4500 | ||
|---|---|---|---|
| 005 | 20231219124036.0 | ||
| 010 | _aENG-138611 | ||
| 020 |
_c9789389740189 _a795.00 |
||
| 035 | _aEN-122143 | ||
| 037 | _bDBAD/PUB | ||
| 082 |
_a371.832 _21 |
||
| 100 |
_aRao, K. Ravikanth _959943 |
||
| 245 |
_aDrama and Art in Education/ _bBy K. Ravikanth Rao; P. Ananad Kumar and K.N.Krishna Kumar |
||
| 250 | _a1 | ||
| 260 |
_aNew Delhi _bNeelkamal Publications _c2020 |
||
| 270 |
_a4764/1, 23, Ansari Road, Daryaganj _bNew Delhi _e110002 _k011-23244237 _k9811828953 _mneelkamalbooks@gmail.com |
||
| 300 |
_aix,186p. _c24cm(hbk) _b illustrations |
||
| 500 | _aincluding biographical references and index | ||
| 700 |
_aP. Ananad Kumar and _eAuthor _959944 |
||
| 700 |
_aK.N.Krishna Kumar _eAuthor _959945 |
||
| 942 |
_2ddc _cEN _h371.832 _mRAO _e1 |
||
| 999 |
_c199692 _d199692 |
||